[Collection of auction bills relating to the sale of properties in Lincolnshire by William Smith] (Record no. 116602)

MARC details
000 -LEADER
fixed length control field 00913cac a22002175a 4500
001 - CONTROL NUMBER
control field L141114
008 - FIXED-LENGTH DATA ELEMENTS--GENERAL INFORMATION
fixed length control field 071029i18051807xxk eng u
035 ## - SYSTEM CONTROL NUMBER
System control number (Sirsi) u141114
041 0# - LANGUAGE CODE
Language code of text/sound track or separate title eng
100 1# - MAIN ENTRY--PERSONAL NAME
Personal name Smith, William
245 01 - TITLE STATEMENT
Title [Collection of auction bills relating to the sale of properties in Lincolnshire by William Smith]
260 ## - PUBLICATION, DISTRIBUTION, ETC.
Place of publication, distribution, etc. S.l.
Name of publisher, distributor, etc. s.n.
Date of publication, distribution, etc. [1805] and [1807]
300 ## - PHYSICAL DESCRIPTION
Extent 2 sheets
Dimensions 16 x 18 and 17 x 19 cm. +
Accompanying material 2 leaves (21 x 13 cm.)
340 ## - PHYSICAL MEDIUM
Material base and configuration Printed
351 ## - ORGANIZATION AND ARRANGEMENT OF MATERIALS
Hierarchical level Fonds
500 ## - GENERAL NOTE
General note Sales are of a freehold estate situated in Leadenham, to be sold on 22 October 1805 and a freehold messuage situated in Navenby, to be sold on 19 December 1807.
500 ## - GENERAL NOTE
General note Items accompanied by a letter from the donor, Thomas Smith dated 12 February 1907.
651 4# - SUBJECT ADDED ENTRY--GEOGRAPHIC NAME
Geographic name Lincolnshire
690 ## - LOCAL SUBJECT ADDED ENTRY--TOPICAL TERM (OCLC, RLIN)
Topical term or geographic name as entry element PROPERTY-PROPERTY ACQUISITION AND DISPOSAL-ACQUISITION AND DISPOSAL AT AUCTION
942 ## - ADDED ENTRY ELEMENTS (KOHA)
Suppress in OPAC 0
Holdings
Withdrawn status Lost status Source of classification or shelving scheme Damaged status Not for loan Home library Current library Shelving location Date acquired Total Checkouts Full call number Barcode Date last seen Copy number Price effective from Koha item type
    Dewey Decimal Classification     London London Basement 29/10/2007   BASEMENT BOX 5 141114-1001 06/08/2019 1 06/08/2019 Archive